Pays par image n°1 - Statistiques

Statistiques générales
  • Ce quiz a été pris 15 920 fois
  • Le résultat moyen est 10 sur 15
Statistiques - réponses
Par images Réponse % Correct
Brésil
98%
Australie
96%
Japon
95%
Russie
94%
Mexique
86%
Inde
82%
Émirats arabes unis
78%
Allemagne
72%
Thaïlande
68%
Islande
62%
Canada
61%
Israël / Palestine
42%
Norvège
34%
Venezuela
19%
Nouvelle-Zélande
14%
Aucun quiz correspondant
Distribution des résultats
% des personnes avec chaque résultat
Percentile par nombre de réponses
Votre historique - résultats
Vous n’avez pas pris ce quiz